1961 1824 1776 1051 1683 1751 1105 1567 1499 1209 1490 1991 1906 1196 1901 1756 1020 1425 1885 1402 1899 1452 1775 1064 1774 1939 1951 1016 1086 1867 1110 1849 1202 1928 1750 1654 1482 1651 1125 1530 1989 1164 1398 1795 1394 1472 1284 1636 1594 1573 1893 1991 1333 1631 1357 1358 1630 1285 1703 1513 1741 1602 1306 1511 1801 1243 1310 1067 1877 1101 1860 1580 1982 1517 1945 1782 1015 1710 1620 1221 1305 1114 1700 1257 1880 1810 1818 1228 1254 1483 1775 1885 1647 1110 1816 1689 1798 1735 1984 BCNSPRNW ULIB Ver.6.0+V

เปลี่ยนเป็นภาษาไทย

Change to English
 แสดงรายละเอียดบรรณานุกรม
  กลับหน้าหลัก

Brief Record : Get Marc (ISO 2709) : E-mail record : QR code < ปิดหน้าต่าง
LEADER : 00000nam 2200000uu 4500
001    13399114850
003     ULIB
008    120611s2546||||th 000 0 tha d
020    ^a9746453688(ล.3)
060  4 ^aWA525^bม246ก ล.3 2546
110 1  ^aมหาวิทยาลัยสุโขทัยธรรมาธิราช^bสาขาวิชาวิทยาศาสตร์สุขภาพ
245 00 ^aเอกสารการสอนชุดวิชา การบริหารองค์การและทรัพยากรสาธารณสุข หน่วยที่ 11-15=^bOrganization and public health resources management /^cสาขาวิชาวิทยาศาสตร์สุขภาพ มหาวิทยาลัยสุโขทัยธรรมาธิราช
246 0  ^aOrganization and public health resources management
250    ^aพิมพ์ครั้งที่ 1
260    ^aนนทบุรี:^bศูนย์หนังสือมหาวิทยาลัยสุโขทัยธรรมาธิราช,^c2546
300    ^a275 หน้า
650  7 ^aการบริหารสาธารณสุข
650  7 ^aทรัพยากรสาธารณสุข^xการจัดการ
945    ^p0^l0^i14726
995    ^aกัณชพร
999    ^aใช้งานได้ทุกระบบ
รายการนี้ยังไม่มีแท็ก
คุณยังไม่ได้ล็อกอิน คุณสามารถมีกิจกรรมร่วมกับเว็บไซต์ได้ แต่ต้องล็อกอินก่อน ::
  ล็อกอิน

รายการสื่อสารสนเทศ

ลำดับที่ ประเภท เลขเรียก/บาร์โค้ด สถานที่ สถานะ
- ไม่พบข้อมูล -

รายการใกล้เคียง
    หัวเรื่อง [การบริหารสาธารณสุข]

BibComment


ยังไม่เคยถูกคอมเมนท์

คอมเมนท์ทรัพยากรรายการนี้
  คอมเมนท์: เอกสารการสอนชุดว..


 Copyright 2026. Bcnsprnw @Library